Central Library and Information Centre
Sibsagar Girls' College, Sivasagar : Assam

AN OUTLINE HISTORY OF THE ENGLISH LANGUAGE (Record no. 3544)

MARC details
000 -LEADER
fixed length control field 00412cam a2200169ua 4500
008 - FIXED-LENGTH DATA ELEMENTS--GENERAL INFORMATION
fixed length control field 131204n II |||gr||||Z||||||eng
040 ## - CATALOGING SOURCE
Original cataloging agency MAIN
041 ## - LANGUAGE CODE
-- English
082 ## - DEWEY DECIMAL CLASSIFICATION NUMBER
Classification number 420.09 WOO
100 ## - MAIN ENTRY--PERSONAL NAME
Personal name WOOD, FREDICK T.
245 ## - TITLE STATEMENT
Title AN OUTLINE HISTORY OF THE ENGLISH LANGUAGE
260 ## - PUBLICATION, DISTRIBUTION, ETC.
Place of publication, distribution, etc. DELHI:
Name of publisher, distributor, etc. MACMILLAN,
Date of publication, distribution, etc. 1985.
300 ## - PHYSICAL DESCRIPTION
Extent 305:
Dimensions 24CM.
942 ## - ADDED ENTRY ELEMENTS (KOHA)
Koha item type Books
653 ## - INDEX TERM--UNCONTROLLED
Uncontrolled term English & Old English
Holdings
Withdrawn status Lost status Damaged status Not for loan Collection code Home library Current library Shelving location Date acquired Full call number Barcode Date last seen Copy number Price effective from Koha item type Public note
        TBENG Central Library and Information Centre Sibsagar Girls College Central Library and Information Centre Sibsagar Girls College ENGLISH BOOK RACK 07.03.1985 420.09 WOO 11644 27.02.2020 1 27.02.2020 Books V
Withdrawn       REFENG Central Library and Information Centre Sibsagar Girls College Central Library and Information Centre Sibsagar Girls College Staff Office 07.03.1985 420.09 WOO 11645 27.02.2020 2 27.02.2020 Books  


Sibsagar Girl's College © 2020. All rights reserved.
Powered by Koha.
Maintained by Abhijit Borpuzari.